00505nam a22001577a 450000500170000000800410001702000180005804100090007608200140008510000160009924500570011526000490017230000190022165000750024070000320031520250324162621.0250324b |||||||| |||| 00| 0 eng d a9780691150680 aEng. a153.9 GAS aGasser, Urs aGuardrails: Guiding Human Decisions in the Age of AI aNew JerseybPrinceton University Pressc2024 a226;. P. 24 cm aDecision Making; Computers And Civilization; Technological Innovations aSchönberger, Viktor Mayer